zpět

Detail výsledku týmu

The PUB Praha 6 PO, Praha

Datum a čas kvízu

34.5 Celkem bodů Celkový počet nahraných bodů na tomto kvízu bez doplňovacích otázek.
9. Pořadí na kvízu Konečné umístění týmu na tomto kvízu.

Zaznamenané odpovědi

# Otázka Odpověď Body Výsledky
1. Ve vládě premiéra Petra Fialy... Helena Langšádlová 1
2. Radní jednoho evropského města... Benátky 1
3. Mezinárodní filmový festival K... Ivan Trojan 0
4. Mobilní síť jednoho českého op... Vodafone 1
5. Který český hokejista v úterý... Jakub Voráček 1
6. Bešamelová omáčka se standardn... muškátovým oříškem/květem 1
7. Napište zakrytou značku zobraz... Kikkoman 1
8. Když se řekne omáčka, určitě s... 15 1
9. Město Worcester dalo jméno jed... C; ločidlo 0
10. Jak se označuje tato omáčka (z... holandská omáčka; vejce Benedikt 1